Readings for general psychology / (Record no. 1887)
[ view plain ]
| 000 -LEADER | |
|---|---|
| fixed length control field | 00891cam a2200289 i 4500 |
| 001 - CONTROL NUMBER | |
| control field | 1887 |
| 003 - CONTROL NUMBER IDENTIFIER | |
| rucl marc code | BD-RjUL |
| 005 - DATE AND TIME OF LATEST TRANSACTION | |
| control field | 20211208233432.0 |
| 008 - FIXED-LENGTH DATA ELEMENTS--GENERAL INFORMATION | |
| fixed length control field | 131209s1967 nyua 000 0 eng d |
| 035 ## - SYSTEM CONTROL NUMBER | |
| System control number | (OCoLC)ocm04417780 |
| System control number | (BD-RjUL)1914 |
| System control number | (NNC)2024661 |
| 040 ## - CATALOGING SOURCE | |
| Original cataloging agency | CPS |
| Transcribing agency | CPS |
| Modifying agency | OCL |
| -- | DXU |
| -- | ZCU |
| Language of cataloging | eng |
| 041 ## - LANGUAGE CODE | |
| Language code of text/sound track or separate title | eng |
| 082 ## - DEWEY DECIMAL CLASSIFICATION NUMBER | |
| Edition number | 16 |
| Classification number | 150 |
| Author mark and year | LOR 1967 |
| 090 ## - LOCALLY ASSIGNED LC-TYPE CALL NUMBER (OCLC); LOCAL CALL NUMBER (OCLC) | |
| Classification number (OCLC) (R) ; Classification number, CALL (RLIN) (NR) | BF149 |
| Local cutter number (OCLC) ; Book number/undivided call number, CALL (RLIN) | .L6 |
| 100 1# - MAIN ENTRY--PERSONAL NAME | |
| Personal name | Lockhart, Russell A., |
| Dates associated with a name | 1938- |
| 9 (RLIN) | 6224 |
| 245 10 - TITLE STATEMENT | |
| Title | Readings for general psychology / |
| Statement of responsibility, etc. | selected by R.A. Lockhart, T.J. Bouchard, M.S. Gazzaniga. |
| 260 ## - PUBLICATION, DISTRIBUTION, ETC. (IMPRINT) | |
| Place of publication, distribution, etc. | New York : |
| Name of publisher, distributor, etc. | Johnson Reprint Corp., |
| Date of publication, distribution, etc. | 1967. |
| 300 ## - PHYSICAL DESCRIPTION | |
| Pagination | 193 p. : |
| Illustrations | ill. ; |
| Size | 23 cm. |
| 504 ## - BIBLIOGRAPHY, ETC. NOTE | |
| Bibliography, etc | Includes bibliographies. |
| 526 ## - STUDY PROGRAM INFORMATION NOTE | |
| Requested Dept. | Psychology |
| 650 #0 - SUBJECT ADDED ENTRY--TOPICAL TERM | |
| Topical term or geographic name as entry element | Psychology. |
| 9 (RLIN) | 6225 |
| 700 1# - ADDED ENTRY--PERSONAL NAME | |
| Personal name | Bouchard, Thomas Joseph, |
| Relator term | compiler. |
| Personal name | Gazzaniga, Michael S., |
| Relator term | compiler. |
| 942 ## - ADDED ENTRY ELEMENTS (KOHA) | |
| Source of classification or shelving scheme | Dewey Decimal Classification |
| Koha item type | Books |
| Lost status | Source of classification or shelving scheme | Damaged status | Not for loan | Collection code | Permanent Location | Current Location | Shelving location | Date acquired | Source of acquisition | Cost, normal purchase price | Total Checkouts | Full call number | Date last seen | Copy number | Koha item type |
|---|---|---|---|---|---|---|---|---|---|---|---|---|---|---|---|
| Dewey Decimal Classification | Not For Loan | Non-fiction | Central Library, University of Rajshahi | Central Library, University of Rajshahi | Reading Room | 19/04/1977 | W. Heffer and sons | 2.85 | 150 LOR 1967 | 09/12/2013 | C-1 | Books | |||
| Dewey Decimal Classification | Non-fiction | Central Library, University of Rajshahi | Central Library, University of Rajshahi | 19/04/1977 | Heffers Sons Ltd | 2.85 | 150 LOR 1967 | 01/04/2014 | C-3 | Books | |||||
| Dewey Decimal Classification | Non-fiction | Central Library, University of Rajshahi | Central Library, University of Rajshahi | 19/04/1977 | Heffers Sons Ltd | 2.85 | 150 LOR 1967 | 01/04/2014 | C-2 | Books |